| 000 | 00465nam a22001337a 4500 | ||
|---|---|---|---|
| 082 |
_a200 _bSUD/T |
||
| 100 | _aSUDDHISUKHA, ELDER MASTER | ||
| 245 | _aTAMING THE MONKEY MIND | ||
| 260 |
_aCANADA _bSUTRA TRANSLATION _c2000 |
||
| 300 | _a114 | ||
| 520 | _akarning to tame what the Buddhists call our'monkey mind'- the internal chaos that keeps us flitting back and forwards, obsessing about the minutiae of life ... | ||
| 650 |
_aRELIGIOUS _zUNITED STATES |
||
| 942 | _cBK | ||
| 999 |
_c5175 _d5175 |
||